<?xml version="1.0" encoding="UTF-8"?>
<record
    xmlns:xsi="http://www.w3.org/2001/XMLSchema-instance"
    xsi:schemaLocation="http://www.loc.gov/MARC21/slim http://www.loc.gov/standards/marcxml/schema/MARC21slim.xsd"
    xmlns="http://www.loc.gov/MARC21/slim">

  <leader>02115nam a22002537a 4500</leader>
  <controlfield tag="003">OSt</controlfield>
  <controlfield tag="005">20221027084922.0</controlfield>
  <controlfield tag="008"> </controlfield>
  <datafield tag="020" ind1=" " ind2=" ">
    <subfield code="a">9780132627610</subfield>
  </datafield>
  <datafield tag="040" ind1=" " ind2=" ">
    <subfield code="c">WIUC GH</subfield>
  </datafield>
  <datafield tag="050" ind1="0" ind2="0">
    <subfield code="a">RT41.F86</subfield>
  </datafield>
  <datafield tag="245" ind1="0" ind2="0">
    <subfield code="a">Fundamentals of Canadian nursing : concepts, process, and practice. /</subfield>
    <subfield code="c">Barbara Kozier ... [et al.].</subfield>
  </datafield>
  <datafield tag="250" ind1=" " ind2=" ">
    <subfield code="a">3rd (Canadian) ed.</subfield>
  </datafield>
  <datafield tag="260" ind1=" " ind2=" ">
    <subfield code="a">Toronto :</subfield>
    <subfield code="b">Pearson,</subfield>
    <subfield code="c">2013.</subfield>
  </datafield>
  <datafield tag="300" ind1=" " ind2=" ">
    <subfield code="a">xix, 1674 p. :</subfield>
    <subfield code="b">ill. (col.) ;</subfield>
  </datafield>
  <datafield tag="504" ind1=" " ind2=" ">
    <subfield code="a">Includes bibliographical references and index.</subfield>
  </datafield>
  <datafield tag="505" ind1="0" ind2=" ">
    <subfield code="a">Contents: Historical and contemporary nursing practice -- Nursing education in Canada --Nursing research in Canada -- Nursing philosophies, theories, concepts, frameworks and models -- Values, ethics and advocacy -- Accountability and legal aspects of nursing -- Health, wellness, and illness -- Heath promotion -- The Canadian health care system -- Environmental and glob al health nursing -- Cultural caring -- Individual care -- Nursing care of families -- community-based nursing -- Rural and remote health care -- Complementary and alternative health modalities -- Concepts of growth and development -- development from conception through adolescence -- Young and middle adulthood -- Older adults --  Critical thinking -- Caring and communication -- the nursing process -- documenting and reporting -- Nursing informatics and technology -- Teaching and learning -- Leading, managing and delegating -- Health assessment -- Vital signs -- Pain assessment and management -- Hygiene -- Safety -- Medications -- Infection prevention and control -- Skin integrity and wound care -- Caring for perioperative clients -- Sensory perception -- Sleep -- Activity and exercise -- Nutrition -- Fecal elimination -- Urinary elimination -- Oxygenation and circulation -- Fluid, electrolyte , and acid-base balance -- Self-concept -- Sexuality -- Spirituality -- Stress and coping -- Loss, grieving, and death 
</subfield>
  </datafield>
  <datafield tag="650" ind1=" " ind2="0">
    <subfield code="a">Nursing.</subfield>
    <subfield code="9">102</subfield>
  </datafield>
  <datafield tag="650" ind1="1" ind2="2">
    <subfield code="a">Nursing Process.</subfield>
    <subfield code="9">104</subfield>
  </datafield>
  <datafield tag="650" ind1="2" ind2="2">
    <subfield code="a">Nursing Care.</subfield>
    <subfield code="9">105</subfield>
  </datafield>
  <datafield tag="650" ind1="2" ind2="2">
    <subfield code="a">Nursing Theory.</subfield>
    <subfield code="9">206</subfield>
  </datafield>
  <datafield tag="700" ind1="1" ind2=" ">
    <subfield code="a">Kozier, Barbara.</subfield>
    <subfield code="9">662</subfield>
  </datafield>
  <datafield tag="942" ind1=" " ind2=" ">
    <subfield code="2">lcc</subfield>
    <subfield code="c">BK</subfield>
  </datafield>
  <datafield tag="999" ind1=" " ind2=" ">
    <subfield code="c">9294</subfield>
    <subfield code="d">16794</subfield>
  </datafield>
  <datafield tag="952" ind1=" " ind2=" ">
    <subfield code="0">0</subfield>
    <subfield code="1">0</subfield>
    <subfield code="2">lcc</subfield>
    <subfield code="4">0</subfield>
    <subfield code="7">0</subfield>
    <subfield code="a">WIUC-KL</subfield>
    <subfield code="b">WIUC-KL</subfield>
    <subfield code="c">NURS L.</subfield>
    <subfield code="d">2019-11-25</subfield>
    <subfield code="o">RT41.F86(3e)</subfield>
    <subfield code="p">KSN/624/624/19</subfield>
    <subfield code="r">2022-10-26 00:00:00</subfield>
    <subfield code="w">2022-10-26</subfield>
    <subfield code="y">BK</subfield>
  </datafield>
</record>
